| 000 | 00000nam##2200000za#4500 |
| 001 | 9.571571 |
| 003 | CaOODSP |
| 005 | 20211126112844 |
| 007 | cr ||||||||||| |
| 008 | 150406|2001||||xxc|||||o f|0| 0 eng|d |
| 022 | |a1701-9397 |
| 040 | |aCaOODSP|beng |
| 043 | |an-cn--- |
| 086 | 1 |aFB3-2/101-18E-PDF |
| 110 | 2 |aBank of Canada. |
| 245 | 10|aEvaluating factor models : |h[electronic resource]|ban application to forecasting inflation in Canada / |cby Marc-André Gosselin and Greg Tkacz. |
| 260 | |aOttawa - Ontario : |bBank of Canada |cNovember 2001. |
| 300 | |a35p.|bgraphs, references, tables |
| 490 | 1 |aBank of Canada working paper|x1701-9397|v2001-18 |
| 500 | |a"This paper evaluates the forecasting performance of factor models for Canadian inflation. This type of model was introduced and examined by Stock and Watson (1999a), who have shown that it is quite promising for forecasting U.S. inflation."--Abstract. |
| 500 | |aThe ISSN (1192-5434) for the print edition has been incorrectly copied in this electronic publication. |
| 520 | 3 |aThis paper evaluates the forecasting performance of factor models for Canadian inflation. This type of model was introduced and examined by Stock and Watson (1999a), who have shown that it is quite promising for forecasting U.S. inflation.--Abstract |
| 546 | |aRésumé en français. |
| 590 | |a11-19-Supp|b2011-09-23 |
| 690 | 07|aModels|2gcpds |
| 690 | 07|aInflation|2gcpds |
| 690 | 07|aAssessment|2gcpds |
| 720 | 1 |aTkacz, Greg |
| 720 | 1 |aGosselin, Marc-André |
| 776 | 0#|tEvaluating factor models : |w(CaOODSP)9.615830 |
| 830 | #0|aWorking paper (Bank of Canada)|x1701-9397|v2001-18|w(CaOODSP)9.504604 |
| 856 | 40|ahttp://publications.gc.ca|qPDF|s207 KB|uhttps://publications.gc.ca/collections/Collection/FB3-2-101-18E.pdf|y2001-18 |